<?xml version="1.0" encoding="UTF-8"?>
<record
    xmlns:xsi="http://www.w3.org/2001/XMLSchema-instance"
    xsi:schemaLocation="http://www.loc.gov/MARC21/slim http://www.loc.gov/standards/marcxml/schema/MARC21slim.xsd"
    xmlns="http://www.loc.gov/MARC21/slim">

  <leader>00390nam a22001577a 4500</leader>
  <controlfield tag="003">SGT</controlfield>
  <datafield tag="020" ind1=" " ind2=" ">
    <subfield code="a">9789388704090</subfield>
  </datafield>
  <datafield tag="082" ind1=" " ind2=" ">
    <subfield code="a">153.40287,SIN</subfield>
  </datafield>
  <datafield tag="100" ind1=" " ind2=" ">
    <subfield code="a">SINGH, A.K.</subfield>
  </datafield>
  <datafield tag="245" ind1=" " ind2=" ">
    <subfield code="a">TESTS MEASUREMENTS AND RESEARCH METHODS BEHAVIOURAL SCIENCES </subfield>
  </datafield>
  <datafield tag="250" ind1=" " ind2=" ">
    <subfield code="a">6TH</subfield>
  </datafield>
  <datafield tag="260" ind1=" " ind2=" ">
    <subfield code="a">BHARTI BHAWAN</subfield>
    <subfield code="b">NEW DELHI </subfield>
    <subfield code="c">2019</subfield>
  </datafield>
  <datafield tag="300" ind1=" " ind2=" ">
    <subfield code="a">783</subfield>
  </datafield>
  <datafield tag="650" ind1=" " ind2=" ">
    <subfield code="a">BEHAVIOURAL SCIENCES</subfield>
  </datafield>
  <datafield tag="942" ind1=" " ind2=" ">
    <subfield code="2">ddc</subfield>
    <subfield code="c">BK</subfield>
    <subfield code="0">15</subfield>
  </datafield>
  <datafield tag="952" ind1=" " ind2=" ">
    <subfield code="0">0</subfield>
    <subfield code="1">0</subfield>
    <subfield code="2">ddc</subfield>
    <subfield code="4">0</subfield>
    <subfield code="5">1</subfield>
    <subfield code="7">1</subfield>
    <subfield code="8">ENGG</subfield>
    <subfield code="a">FE</subfield>
    <subfield code="b">FE</subfield>
    <subfield code="c">REF</subfield>
    <subfield code="d">2019-11-06</subfield>
    <subfield code="e">AHUJA BOOK COMPANY </subfield>
    <subfield code="g">470.00</subfield>
    <subfield code="i">SGTU</subfield>
    <subfield code="l">19</subfield>
    <subfield code="o">153.40287,SIN</subfield>
    <subfield code="p">FE7751</subfield>
    <subfield code="r">2024-07-25 00:00:00</subfield>
    <subfield code="s">2023-07-21</subfield>
    <subfield code="w">2019-09-24</subfield>
    <subfield code="y">BK</subfield>
    <subfield code="k">11413</subfield>
  </datafield>
  <datafield tag="952" ind1=" " ind2=" ">
    <subfield code="0">0</subfield>
    <subfield code="1">0</subfield>
    <subfield code="2">ddc</subfield>
    <subfield code="4">0</subfield>
    <subfield code="7">0</subfield>
    <subfield code="8">ENGG</subfield>
    <subfield code="a">FE</subfield>
    <subfield code="b">FE</subfield>
    <subfield code="c">TXT</subfield>
    <subfield code="d">2019-11-06</subfield>
    <subfield code="e">AHUJA BOOK COMPANY </subfield>
    <subfield code="g">470.00</subfield>
    <subfield code="i">SGTU</subfield>
    <subfield code="l">50</subfield>
    <subfield code="m">2</subfield>
    <subfield code="o">153.40287,SIN</subfield>
    <subfield code="p">FE7752</subfield>
    <subfield code="r">2026-05-07 00:00:00</subfield>
    <subfield code="s">2026-04-22</subfield>
    <subfield code="w">2019-09-24</subfield>
    <subfield code="y">BK</subfield>
    <subfield code="k">11413</subfield>
  </datafield>
  <datafield tag="952" ind1=" " ind2=" ">
    <subfield code="0">0</subfield>
    <subfield code="1">0</subfield>
    <subfield code="2">ddc</subfield>
    <subfield code="4">0</subfield>
    <subfield code="7">0</subfield>
    <subfield code="8">ENGG</subfield>
    <subfield code="a">FE</subfield>
    <subfield code="b">FE</subfield>
    <subfield code="c">TXT</subfield>
    <subfield code="d">2019-11-06</subfield>
    <subfield code="e">AHUJA BOOK COMPANY </subfield>
    <subfield code="g">470.00</subfield>
    <subfield code="i">SGTU</subfield>
    <subfield code="l">14</subfield>
    <subfield code="m">3</subfield>
    <subfield code="o">153.40287,SIN</subfield>
    <subfield code="p">FE7753</subfield>
    <subfield code="q">2022-12-17</subfield>
    <subfield code="r">2022-12-03 00:00:00</subfield>
    <subfield code="s">2022-12-03</subfield>
    <subfield code="w">2019-09-24</subfield>
    <subfield code="y">BK</subfield>
    <subfield code="k">11413</subfield>
  </datafield>
  <datafield tag="952" ind1=" " ind2=" ">
    <subfield code="0">0</subfield>
    <subfield code="1">3</subfield>
    <subfield code="2">ddc</subfield>
    <subfield code="4">0</subfield>
    <subfield code="7">0</subfield>
    <subfield code="8">ENGG</subfield>
    <subfield code="a">FE</subfield>
    <subfield code="b">FE</subfield>
    <subfield code="c">TXT</subfield>
    <subfield code="d">2019-11-06</subfield>
    <subfield code="e">AHUJA BOOK COMPANY </subfield>
    <subfield code="g">470.00</subfield>
    <subfield code="i">SGTU</subfield>
    <subfield code="l">12</subfield>
    <subfield code="o">153.40287,SIN</subfield>
    <subfield code="p">FE7754</subfield>
    <subfield code="r">2024-07-08 00:00:00</subfield>
    <subfield code="s">2023-05-23</subfield>
    <subfield code="w">2019-09-24</subfield>
    <subfield code="y">BK</subfield>
    <subfield code="k">11413</subfield>
  </datafield>
  <datafield tag="952" ind1=" " ind2=" ">
    <subfield code="0">0</subfield>
    <subfield code="1">0</subfield>
    <subfield code="2">ddc</subfield>
    <subfield code="4">0</subfield>
    <subfield code="7">0</subfield>
    <subfield code="8">ENGG</subfield>
    <subfield code="a">FE</subfield>
    <subfield code="b">FE</subfield>
    <subfield code="c">TXT</subfield>
    <subfield code="d">2019-11-06</subfield>
    <subfield code="e">AHUJA BOOK COMPANY </subfield>
    <subfield code="g">470.00</subfield>
    <subfield code="i">SGTU</subfield>
    <subfield code="l">25</subfield>
    <subfield code="m">1</subfield>
    <subfield code="o">153.40287,SIN</subfield>
    <subfield code="p">FE7755</subfield>
    <subfield code="r">2025-06-23 00:00:00</subfield>
    <subfield code="s">2025-06-20</subfield>
    <subfield code="w">2019-09-24</subfield>
    <subfield code="y">BK</subfield>
    <subfield code="k">11413</subfield>
  </datafield>
  <datafield tag="952" ind1=" " ind2=" ">
    <subfield code="0">0</subfield>
    <subfield code="1">0</subfield>
    <subfield code="2">ddc</subfield>
    <subfield code="4">0</subfield>
    <subfield code="7">0</subfield>
    <subfield code="8">ENGG</subfield>
    <subfield code="a">FE</subfield>
    <subfield code="b">FE</subfield>
    <subfield code="c">TXT</subfield>
    <subfield code="d">2019-11-06</subfield>
    <subfield code="e">AHUJA BOOK COMPANY </subfield>
    <subfield code="g">470.00</subfield>
    <subfield code="i">SGTU</subfield>
    <subfield code="l">38</subfield>
    <subfield code="m">3</subfield>
    <subfield code="o">153.40287,SIN</subfield>
    <subfield code="p">FE7756</subfield>
    <subfield code="r">2026-05-29 15:33:52</subfield>
    <subfield code="s">2026-05-29</subfield>
    <subfield code="w">2019-09-24</subfield>
    <subfield code="y">BK</subfield>
    <subfield code="k">11413</subfield>
  </datafield>
  <datafield tag="999" ind1=" " ind2=" ">
    <subfield code="c">19411</subfield>
    <subfield code="d">19411</subfield>
  </datafield>
</record>
